书目信息 |
| 题名: |
大众传播学研究方法导论
|
|
| 作者: | 陈阳 著 | |
| 分册: | ||
| 出版信息: | 北京 中国人民大学出版社 2007 |
|
| 页数: | 366页 | |
| 开本: | 23cm | |
| 丛书名: | ||
| 单 册: | ||
| 中图分类: | G206.3 | |
| 科图分类: | ||
| 主题词: | 大众传播--传播学--研究方法--教材 | |
| 电子资源: | ||
| ISBN: | 978-7-300-08336-0 | |
| 000 | 00885nam0 2200241 450 | |
| 001 | 012007099424 | |
| 005 | 20091207084640.06 | |
| 010 | @a978-7-300-08336-0@dCNY47.00 | |
| 100 | @a20071101d2007 em y0chiy0110 ea | |
| 101 | 0 | @achi |
| 102 | @aCN@b110000 | |
| 105 | @ay z 000yy | |
| 106 | @ar | |
| 200 | 1 | @a大众传播学研究方法导论@9da zhong chuan bo xue yan jiu fang fa dao lun@f陈阳著 |
| 210 | @a北京@c中国人民大学出版社@d2007 | |
| 215 | @a366页@d23cm | |
| 300 | @a21世纪传播学系列教材 本成果受到中国人民大学“985工程”中国新闻传播研究哲学社会科学创新基地的支持 | |
| 330 | @a本书内容包括:大众传播研究的原理与过程、定量研究方法与大众传播研究、定性研究方法与大众传播研究、大众传播研究的其他问题。 | |
| 606 | 0 | @a大众传播@x传播学@x研究方法@j教材 |
| 690 | @aG206.3@v4 | |
| 701 | 0 | @a陈阳@9chen yang@4著 |
| 801 | 0 | @aCN@bRENTIAN@c20091207 |
| 905 | @b20795817-21@dG206.3@e296@f5 | |
| 大众传播学研究方法导论/陈阳著.-北京:中国人民大学出版社,2007 |
| 366页;23cm |
| 21世纪传播学系列教材 本成果受到中国人民大学“985工程”中国新闻传播研究哲学社会科学创新基地的支持 |
| ISBN 978-7-300-08336-0:CNY47.00 |
| 本书内容包括:大众传播研究的原理与过程、定量研究方法与大众传播研究、定性研究方法与大众传播研究、大众传播研究的其他问题。 |
| ● |
| 相关链接 |
|
|
|
|
正题名:大众传播学研究方法导论
索取号:G206.3/296
 
预约/预借
| 序号 | 登录号 | 条形码 | 馆藏地/架位号 | 状态 | 备注 |
| 1 | 795817 | 207958174 | 第一样本阅览室/ [索取号:G206.3/296] | 在馆 | |
| 2 | 795818 | 207958183 | 第四借阅区/ [索取号:G206.3/296] | 在馆 | |
| 3 | 795819 | 207958192 | 第四借阅区/ [索取号:G206.3/296] | 在馆 | |
| 4 | 795820 | 207958209 | 第四借阅区/ [索取号:G206.3/296] | 在馆 | |
| 5 | 795821 | 207958218 | 密集书库-文学院/ [索取号:G206.3/296] | 在馆 |